| 000 | 00563nam a2200169Ia 4500 | ||
|---|---|---|---|
| 008 | 090201s9999 xx 000 0 und d | ||
| 010 | _aKPL-12781 | ||
| 040 | _bमराठी | ||
| 041 | _aमराठी | ||
| 082 |
_a24377 _b12781 |
||
| 100 | _aशंकर गोविंद साठे | ||
| 245 |
_aछापील संसार _cशंकर गोविंद साठे |
||
| 260 |
_c2004 _bएन के पब्लिशींग हाऊस |
||
| 300 |
_a96 _bमोठा |
||
| 600 | _aछापील संसार | ||
| 942 | _cBOOK | ||
| 999 |
_c223708 _d223708 |
||